Nueva Ley de Caza (Record no. 91480)
[ view plain ]
| 000 -LEADER | |
|---|---|
| campo de control de longitud fija | 00496nam a2200169 i 4500 |
| 001 - NÚMERO DE CONTROL | |
| campo de control | 91480 |
| 003 - IDENTIFICADOR DE NÚMERO DE CONTROL | |
| campo de control | ES-MaACL |
| 005 - FECHA Y HORA DE LA ÚLTIMA TRANSACCIÓN | |
| campo de control | 20230906180730.0 |
| 007 - CAMPO FIJO DE DESCRIPCIÓN FÍSICA--INFORMACIÓN GENERAL | |
| campo de control de longitud fija | t| |
| 008 - DATOS DE LONGITUD FIJA--INFORMACIÓN GENERAL | |
| campo de control de longitud fija | 050131s1970 sp ||||1| spa d |
| 110 00 - ENTRADA PRINCIPAL--NOMBRE DE ENTIDAD CORPORATIVA | |
| Nombre de entidad corporativa o nombre de jurisdicción como elemento de entrada | España. |
| Título de la obra | Leyes, etc. |
| 9 (RLIN) | 184149 |
| 245 10 - MENCIÓN DEL TÍTULO | |
| Título | Nueva Ley de Caza |
| Resto del título | : Ley 1/1970 de la Jefatura del Estado aprobada por las Cortes Españolas. |
| 260 ## - PUBLICACIÓN, DISTRIBUCIÓN, ETC. | |
| Lugar de publicación, distribución, etc. | Madrid : |
| Nombre del editor, distribuidor, etc. | Segura, |
| Fecha de publicación, distribución, etc. | [1970] |
| 300 ## - DESCRIPCIÓN FÍSICA | |
| Extensión | 64 p. ; |
| Dimensiones | 16 cm. |
| 852 ## - LOCALIZACIÓN | |
| Ubicación | ES-MaACL |
| Número de control de estantería | C-48717 |
| Sublocalización o colección | R.74365 |
| Estatus retirado | Estado de pérdida | Estado de daño | No para préstamo | Biblioteca de origen | Biblioteca actual | Ubicación en estantería | Fecha de adquisición | Fuente de adquisición | Total de préstamos | Signatura topográfica completa | Código de barras | Visto por última vez | Precio de reemplazo | Tipo de ítem Koha |
|---|---|---|---|---|---|---|---|---|---|---|---|---|---|---|
| Biblioteca del Ateneo de Madrid | Biblioteca del Ateneo de Madrid | Depósito 2 | 17/01/2008 | C-48717 | 1095505 | 23/02/2023 | 23/02/2023 | Libro impreso |
